Library Banner

Core concepts of accounting information systems (Record no. 16748)

MARC details
000 -LEADER
fixed length control field 00542nam a2200193Ia 4500
001 - CONTROL NUMBER
control field 16291
008 - FIXED-LENGTH DATA ELEMENTS--GENERAL INFORMATION
fixed length control field 140404s9999 xx 000 0 und d
040 ## - CATALOGING SOURCE
Transcribing agency PK-LaUMT
082 ## - DEWEY DECIMAL CLASSIFICATION NUMBER
Classification number 657.0285
Item number MOS-C
100 ## - MAIN ENTRY--PERSONAL NAME
Personal name Mark G. Simkin
245 ## - TITLE STATEMENT
Title Core concepts of accounting information systems
Statement of responsibility, etc Mark G. Simkin<>Nancy a. Bagranoff<>Stephen A. Moscove
250 ## - EDITION STATEMENT
Edition statement 5th
260 ## - PUBLICATION, DISTRIBUTION, ETC. (IMPRINT)
Place of publication, distribution, etc New York,USA:
Name of publisher, distributor, etc John Wiley & Sons,
Date of publication, distribution, etc 1997
300 ## - PHYSICAL DESCRIPTION
Extent 384 p.
546 ## - LANGUAGE NOTE
Language note EN
700 ## - ADDED ENTRY--PERSONAL NAME
Personal name Nancy a. Bagranoff
700 ## - ADDED ENTRY--PERSONAL NAME
Personal name Stephen A. Moscove
942 ## - ADDED ENTRY ELEMENTS (KOHA)
Koha item type Books
Holdings
Withdrawn status Lost status Damaged status Not for loan Home library Current library Date acquired Total Checkouts Full call number Barcode Date last seen Price effective from Koha item type
        UMT Main Campus UMT Main Campus 2014-04-04   657.0285 MOS-C 19169 2014-04-22 2014-04-22 Books